Statistiques concernant Pays de la zone euro

Cliquez ici pour prendre le quiz!

Statistiques générales

  • Ce quiz a été pris 359 fois
  • Le résultat moyen est 20 sur 25

Statistiques - réponses

Date d'adoptionPays membre% Correct
1999France
100%
1999Belgique
99%
1999Allemagne
98%
1999Espagne
95%
1999Italie
95%
1999Portugal
95%
1999Pays-Bas
92%
1999Autriche
89%
2001Grèce
88%
1999Luxembourg
88%
1999Irlande
87%
2014Lettonie
86%
2011Estonie
85%
2015Lituanie
85%
1999Finlande
82%
2007Slovénie
82%
2009Slovaquie
81%
2008Malte
80%
2008Chypre
73%
(1999), 2012Andorre
71%
1999Monaco
70%
1999Vatican
70%
1999Saint-Marin
60%
(2002)Monténégro
48%
(2002)Kosovo
45%

Distribution des résultats

Percentile par nombre de réponses

% des personnes avec chaque résultat

Votre développement - résultats

Vous n’avez pas pris ce quiz